000 00327nam a2200133Ia 4500
008 180730s9999||||xx |||||||||||||| ||und||
020 _a9780517529461
082 _a791.433
_bLAY/T
100 _aLaybourne, Kit
245 4 _aThe Animation Book
260 _aNew Yark
_bCrown Publisher, Inc
_c1979
300 _a272p
942 _aBK
999 _c2107
_d2107